10 most famous paintings by image - Statistics

General Stats
  • This quiz has been taken 174 times
  • The average score is 7 of 10
Answer Stats
Picture Answer % Correct
mona lisa
99%
the scream
91%
starry night
90%
the last supper
79%
the kiss
70%
girl with a pearl earring
69%
the birth of venus
66%
american gothic
65%
the creation of adam
53%
bal du moulin de la galette
3%
No matching quizzes found
Score Distribution
Percent of People with Each Score
Percentile by Number Answered
Your Score History
You have not taken this quiz